000 00406nam a22001337a 4500
999 _c130441
_d130441
008 200319b ||||| |||| 00| 0 eng d
050 _aBF637.C6 M458
100 _aMaurus, J.
_949749
245 _aCybernetics of liberation
_bfrom negative patterns of living
_cJ. Maurus
260 _aIndia
_bBetter Yourself Books
_c1981
300 _a155p. ;
_c18cm.
650 _aCounseling
_9319
942 _2lcc
_cMONOGRAPH